[Event "VIII Torneo Leonardo di Bona A"]
[Site "Cutro ITA"]
[Date "2002.04.30"]
[Round "8"]
[White "Roeder, Matthias"]
[Black "Jonkman, Harmen"]
[Result "1/2-1/2"]
[WhiteElo "2487"]
[BlackElo "2520"]
[PlyCount "44"]
[EventDate "2002.04.24"]

1. Nf3 d5 2. b3 Bg4 3. e3 Nd7 4. Bb2 c6 5. h3 Bh5 6. Be2 Ngf6 7. d3 Bxf3 8.
Bxf3 e5 9. Nd2 Bc5 10. O-O O-O 11. a3 Re8 12. b4 Bf8 13. e4 a5 14. c3 Qb6 15.
Qc2 Rad8 16. Nb3 axb4 17. axb4 h6 18. Rfb1 Ra8 19. Bc1 Qc7 20. Be3 Rec8 21. Nd2
Qd8 22. Qb3 dxe4 1/2-1/2

[Event "VIII Torneo Leonardo di Bona A"]
[Site "Cutro ITA"]
[Date "2002.04.30"]
[Round "8"]
[White "Starostits, Ilmars"]
[Black "Lazic, Miroljub"]
[Result "1-0"]
[WhiteElo "2438"]
[BlackElo "2474"]
[PlyCount "79"]
[EventDate "2002.04.24"]

1. e4 g6 2. d4 Bg7 3. Nc3 d6 4. f4 a6 5. Nf3 b5 6. Bd3 Bb7 7. O-O Nd7 8. e5 e6
9. Ne4 Nb6 10. b3 Ne7 11. Qe1 h5 12. Bb2 Nf5 13. Neg5 Qd7 14. Nh4 Nxh4 15. Qxh4
O-O-O 16. Ne4 Kb8 17. Qe1 Qc6 18. Rf2 Rhg8 19. Qa5 dxe5 20. fxe5 Bh6 21. Qe1
Nc4 22. Bc1 Bxc1 23. Qxc1 Rxd4 24. bxc4 bxc4 25. Nf6 Rgd8 26. Bf1 c3 27. Qe3
Rd2 28. Rb1 Rxf2 29. Qxf2 Rd2 30. Qf3 Qxf3 31. gxf3 Ka7 32. Ne4 Rxc2 33. Bd3
Rxa2 34. Nxc3 Ra3 35. Ne4 Rxd3 36. Nc5 Rc3 37. Rxb7+ Ka8 38. Rxc7 a5 39. Nxe6
Rxf3 40. Nd4 1-0

[Event "VIII Torneo Leonardo di Bona A"]
[Site "Cutro ITA"]
[Date "2002.04.30"]
[Round "8"]
[White "Todorov, Ognjan"]
[Black "Aleksic, Nenad"]
[Result "1/2-1/2"]
[WhiteElo "2381"]
[BlackElo "2381"]
[PlyCount "23"]
[EventDate "2002.04.24"]

1. d4 Nf6 2. Nf3 b6 3. g3 Bb7 4. c4 e6 5. Bg2 Be7 6. O-O O-O 7. b3 d5 8. cxd5
Nxd5 9. Bb2 Nd7 10. Nbd2 c5 11. Rc1 Rc8 12. Nc4 1/2-1/2

[Event "VIII Torneo Leonardo di Bona A"]
[Site "Cutro ITA"]
[Date "2002.04.30"]
[Round "8"]
[White "Van Hoolandt, Patrick"]
[Black "Calzetta Ruiz, Monica"]
[Result "0-1"]
[WhiteElo "2157"]
[BlackElo "2278"]
[PlyCount "98"]
[EventDate "2002.04.24"]

1. c4 e5 2. Nc3 Nf6 3. Nf3 Nc6 4. g3 Bc5 5. Bg2 d6 6. d3 h6 7. a3 a6 8. O-O O-O
9. b4 Ba7 10. Bb2 Be6 11. h3 Qd7 12. Kh2 Rae8 13. Rc1 Nd4 14. Nxd4 Bxd4 15. e3
Ba7 16. Ne2 Bf5 17. d4 exd4 18. Nxd4 Be4 19. f3 Bg6 20. e4 c6 21. Ne2 Qe7 22.
Qd2 Bb8 23. Nf4 h5 24. h4 Kh7 25. Rce1 Nd7 26. Nxg6 fxg6 27. f4 b5 28. Qc3 Nf6
29. e5 Ng4+ 30. Kh1 dxe5 31. Bxc6 Rc8 32. cxb5 axb5 33. Qf3 Qd6 34. Bb7 Rc2 35.
Bxe5 Rh2+ 36. Kg1 Ba7+ 37. Re3 Qb6 38. Rfe1 Nxe5 39. Qe4 Ng4 40. Bd5 Qf6 41.
Bc6 Qb2 42. Qf3 Nxe3 43. Rxe3 Qc1+ 44. Kxh2 Qxe3 45. Qf1 Rd8 46. f5 Rd2+ 47.
Kh3 Qe5 48. fxg6+ Kh6 49. Bg2 Bf2 0-1

[Event "VIII Torneo Leonardo di Bona A"]
[Site "Cutro ITA"]
[Date "2002.04.30"]
[Round "8"]
[White "Vasilev, Milen"]
[Black "Djuric, Stefan"]
[Result "1/2-1/2"]
[WhiteElo "2424"]
[BlackElo "2489"]
[PlyCount "87"]
[EventDate "2002.04.24"]

1. d4 g6 2. c4 Nf6 3. Nc3 Bg7 4. Nf3 O-O 5. g3 d5 6. cxd5 Nxd5 7. Bg2 c5 8. O-O
Nc6 9. Nxd5 Qxd5 10. Ne5 Qxd4 11. Nxc6 bxc6 12. Be3 Qxb2 13. Rb1 Qxa2 14. Bxc6
Bf5 15. Bxa8 Qxb1 16. Qxb1 Bxb1 17. Bf3 Rb8 18. Bxc5 a5 19. Bxe7 Bc2 20. Rc1
Rb1 21. Rxb1 Bxb1 22. Bc6 Bc2 23. Kf1 a4 24. Ba3 Bf8 25. Bc1 Bb4 26. Bd5 Kf8
27. f4 f5 28. Kf2 Ke7 29. Ke3 Bc3 30. Ba3+ Kf6 31. h3 Kg7 32. g4 Bb3 33. Bf3
Kf7 34. Kd3 Bg7 35. e4 fxe4+ 36. Bxe4 Bf6 37. g5 Be7 38. Bxe7 Kxe7 39. f5 Bf7
40. Kc3 Kd6 41. fxg6 Bxg6 42. Bf3 Ke5 43. h4 Kf4 44. Bd1 1/2-1/2

[Event "VIII Torneo Leonardo di Bona A"]
[Site "Cutro ITA"]
[Date "2002.04.30"]
[Round "8"]
[White "Zelcic, Robert"]
[Black "Chatalbashev, Boris"]
[Result "1/2-1/2"]
[WhiteElo "2547"]
[BlackElo "2537"]
[PlyCount "75"]
[EventDate "2002.04.24"]

1. e4 g6 2. d4 Bg7 3. Nc3 c6 4. Nf3 d5 5. h3 Nf6 6. e5 Ne4 7. Nxe4 dxe4 8. Ng5
c5 9. e6 fxe6 10. dxc5 Qd5 11. Bb5+ Bd7 12. Qe2 Bxb5 13. Qxb5+ Nc6 14. Be3 O-O
15. Rd1 Nd4 16. c4 Nc2+ 17. Ke2 Qf5 18. g4 Qe5 19. c6 Qf6 20. Qb3 Nxe3 21. Qxe3
Qxb2+ 22. Rd2 Qb4 23. Rc2 bxc6 24. Qxe4 Qc5 25. Qxe6+ Kh8 26. Ne4 Qa3 27. Nd2
Bd4 28. f3 Rf6 29. Qe4 Qd6 30. Qd3 Qg3 31. Qxd4 Qg2+ 32. Kd3 Qxh1 33. g5 c5 34.
Qe5 Rd8+ 35. Ke2 Qg2+ 36. Ke1 Qh1+ 37. Ke2 Qh2+ 38. Ke1 1/2-1/2

[Event "VIII Torneo Leonardo di Bona A"]
[Site "Cutro ITA"]
[Date "2002.05.01"]
[Round "9"]
[White "Abatino, Maurizio"]
[Black "Artizzu, Giulio"]
[Result "1-0"]
[WhiteElo "2225"]
[BlackElo "2129"]
[PlyCount "57"]
[EventDate "2002.04.24"]

1. d4 Nf6 2. c4 c5 3. e3 g6 4. Nf3 Bg7 5. Nc3 cxd4 6. exd4 d5 7. c5 O-O 8. Be2
Nc6 9. O-O Ne4 10. Bf4 Nxc3 11. bxc3 b6 12. Qa4 Bd7 13. Qa3 Rc8 14. Ba6 Bg4 15.
Bxc8 Qxc8 16. Nd2 b5 17. Rfe1 a5 18. Be5 Bh6 19. Nf1 b4 20. Qb2 f6 21. Bg3 e5
22. dxe5 fxe5 23. cxb4 Nxb4 24. Qxe5 Bg7 25. Qd6 Bxa1 26. Rxa1 Qe6 27. Ne3 d4
28. Qxd4 Nxa2 29. Qxg4 1-0

[Event "VIII Torneo Leonardo di Bona A"]
[Site "Cutro ITA"]
[Date "2002.05.01"]
[Round "9"]
[White "Blasco, Domenico"]
[Black "Contin, Daniel"]
[Result "1/2-1/2"]
[WhiteElo "2037"]
[BlackElo "2338"]
[PlyCount "20"]
[EventDate "2002.04.24"]

1. d4 Nf6 2. e3 b6 3. f4 Bb7 4. Nf3 g6 5. Bd3 Bg7 6. O-O c5 7. c3 O-O 8. Nbd2
d5 9. Ng5 h6 10. Ngf3 Nbd7 1/2-1/2

[Event "VIII Torneo Leonardo di Bona A"]
[Site "Cutro ITA"]
[Date "2002.05.01"]
[Round "9"]
[White "Calzetta Ruiz, Monica"]
[Black "Pegorari, Pietro"]
[Result "1/2-1/2"]
[WhiteElo "2278"]
[BlackElo "2386"]
[PlyCount "26"]
[EventDate "2002.04.24"]

1. e4 e5 2. Nf3 Nc6 3. d4 exd4 4. Nxd4 Nf6 5. Nxc6 bxc6 6. e5 Qe7 7. Qe2 Nd5 8.
c4 Ba6 9. b3 g5 10. g3 Bg7 11. Bb2 O-O-O 12. Bg2 Rde8 13. O-O Kb8 1/2-1/2

[Event "VIII Torneo Leonardo di Bona A"]
[Site "Cutro ITA"]
[Date "2002.05.01"]
[Round "9"]
[White "De Vreugt, Dennis"]
[Black "Drasko, Milan"]
[Result "1/2-1/2"]
[WhiteElo "2457"]
[BlackElo "2513"]
[PlyCount "39"]
[EventDate "2002.04.24"]

1. e4 e6 2. d3 d5 3. Qe2 dxe4 4. dxe4 e5 5. Nf3 Nd7 6. Nbd2 Bc5 7. Nb3 Bb6 8.
a4 a5 9. Nfd2 Ngf6 10. Nc4 O-O 11. Nxb6 cxb6 12. Qe3 Qc7 13. Bd3 Nc5 14. Nxc5
bxc5 15. Bc4 Qd6 16. Bd2 Qd4 17. Qxd4 exd4 18. f3 Be6 19. Bb5 Ne8 20. Bf4
1/2-1/2

[Event "VIII Torneo Leonardo di Bona A"]
[Site "Cutro ITA"]
[Date "2002.05.01"]
[Round "9"]
[White "Djuric, Stefan"]
[Black "Starostits, Ilmars"]
[Result "1-0"]
[WhiteElo "2489"]
[BlackElo "2438"]
[PlyCount "147"]
[EventDate "2002.04.24"]

1. Nf3 d5 2. c4 c6 3. Qc2 Nf6 4. g3 g6 5. Bg2 Bg7 6. O-O O-O 7. d4 Bf5 8. Qb3
Qb6 9. Nc3 dxc4 10. Qxc4 Na6 11. Na4 Qb4 12. Qxb4 Nxb4 13. Bd2 Na6 14. Rac1
Rfd8 15. Rfd1 Be4 16. Be1 Nd5 17. e3 Rac8 18. a3 e6 19. b4 Bf8 20. h4 f6 21.
Nb2 Nb6 22. Nd2 Bxg2 23. Kxg2 Kf7 24. Nb3 Nc7 25. e4 Bh6 26. Ra1 Rb8 27. a4 f5
28. f3 Bg7 29. Rac1 Rd7 30. Bf2 Re7 31. Nc5 Nd7 32. Ncd3 Kg8 33. Re1 fxe4 34.
fxe4 Nf6 35. Ne5 Rd8 36. Re2 Nd7 37. Nf3 Nf6 38. Nc4 Ng4 39. Bg1 h5 40. Na5 Ne8
41. e5 Bh6 42. Ng5 Ng7 43. Nb3 Nf5 44. Nc5 Rd5 45. Rd1 Bxg5 46. hxg5 Kf7 47.
Rf1 Kg7 48. Re4 Rd8 49. Rc1 Ra8 50. Re2 Kf7 51. Rc3 a5 52. bxa5 Rxa5 53. Rb2 b5
54. axb5 cxb5 55. Rcb3 Rea7 56. Ne4 Rb7 57. Nc3 b4 58. Ne4 Ra4 59. Nc5 Rba7 60.
Nxa4 Rxa4 61. Rxb4 Ra5 62. Rb7+ Kg8 63. R7b5 Ra3 64. Rb8+ Kh7 65. R2b7+ Ng7 66.
Bf2 Ra2 67. Rb2 Ra5 68. Rf8 Ra7 69. Bg1 Rc7 70. Rbb8 Nf5 71. Rfc8 Ra7 72. Rh8+
Kg7 73. Rbg8+ Kf7 74. Rh7+ 1-0

[Event "VIII Torneo Leonardo di Bona A"]
[Site "Cutro ITA"]
[Date "2002.05.01"]
[Round "9"]
[White "Estremera Panos, Sergio"]
[Black "Todorov, Ognjan"]
[Result "1-0"]
[WhiteElo "2377"]
[BlackElo "2381"]
[PlyCount "131"]
[EventDate "2002.04.24"]

1. d4 d5 2. c4 dxc4 3. e3 e6 4. Bxc4 Nf6 5. Nf3 c5 6. O-O Nc6 7. Qe2 cxd4 8.
Rd1 Be7 9. exd4 Na5 10. Bd3 O-O 11. Bg5 g6 12. Nc3 Nd5 13. Bh6 Re8 14. Ne5 Nxc3
15. bxc3 Nc6 16. Bb5 Bd7 17. Qf3 f5 18. Nxc6 Bxc6 19. Bxc6 bxc6 20. Qxc6 Bd6
21. g3 Rc8 22. Qa6 Rxc3 23. Qxa7 Rc7 24. Qa6 Qd7 25. a4 Ra7 26. Qb5 Rea8 27.
Qxd7 Rxd7 28. Be3 Bb4 29. Rdc1 Kf7 30. Rc4 Ba5 31. Rb1 Ke8 32. Rc6 Rc7 33. Rxc7
Bxc7 34. Rb7 Kd8 35. Rb4 Bd6 36. Rc4 Rb8 37. a5 Rb1+ 38. Kg2 Ra1 39. Rc6 Ke7
40. Ra6 Bc7 41. Ra8 f4 42. Bxf4 Rxa5 43. Rxa5 Bxa5 44. Kf3 Ke8 45. Ke4 Kf7 46.
g4 Bb6 47. Bd6 Bd8 48. f4 Bb6 49. Bc5 Bc7 50. h3 Bb8 51. f5 Bg3 52. Bb6 Bd6 53.
Bd8 Bg3 54. Bg5 Be1 55. Ke5 exf5 56. gxf5 gxf5 57. Kxf5 Bc3 58. d5 Bb4 59. h4
Bd6 60. h5 Bg3 61. Bf4 Be1 62. Bd6 Ba5 63. Bc5 Bd8 64. d6 Ba5 65. Ba3 Bd8 66.
Bc1 1-0

[Event "VIII Torneo Leonardo di Bona A"]
[Site "Cutro ITA"]
[Date "2002.05.01"]
[Round "9"]
[White "Genocchio, Daniele"]
[Black "Roeder, Matthias"]
[Result "1/2-1/2"]
[WhiteElo "2326"]
[BlackElo "2487"]
[PlyCount "101"]
[EventDate "2002.04.24"]

1. e4 c5 2. Nc3 d6 3. Nge2 Nf6 4. g3 g6 5. Bg2 Nc6 6. d4 cxd4 7. Nxd4 Nxd4 8.
Qxd4 Bg7 9. Bg5 h6 10. Be3 O-O 11. Qd2 Ng4 12. Bd4 Ne5 13. Bxe5 dxe5 14. Qxd8
Rxd8 15. Nd5 Kf8 16. O-O b6 17. Nc7 Rb8 18. Rfd1 Bb7 19. c3 Rdc8 20. Nd5 a6 21.
Ne3 Rd8 22. Nc4 b5 23. Na5 Ba8 24. f3 Ke8 25. Kf2 e6 26. Ke2 Bf6 27. a3 Rxd1
28. Rxd1 Bd8 29. Nb3 Bb6 30. Nc1 Ke7 31. Nd3 f6 32. Ra1 a5 33. b3 Bc6 34. Kd2
Rd8 35. Ke2 Rc8 36. Rc1 Be8 37. Kd2 Bc7 38. Ra1 Bd6 39. Bf1 f5 40. Bg2 g5 41.
g4 Kf6 42. gxf5 exf5 43. Bh3 Bd7 44. Bxf5 Bxf5 45. exf5 a4 46. Rb1 Kxf5 47.
bxa4 bxa4 48. Rb6 Bxa3 49. Ra6 h5 50. Rxa4 Bd6 51. Ra6 1/2-1/2

[Event "VIII Torneo Leonardo di Bona A"]
[Site "Cutro ITA"]
[Date "2002.05.01"]
[Round "9"]
[White "Jonkman, Harmen"]
[Black "Vasilev, Milen"]
[Result "0-1"]
[WhiteElo "2520"]
[BlackElo "2424"]
[PlyCount "138"]
[EventDate "2002.04.24"]

1. e4 c5 2. c3 Nf6 3. e5 Nd5 4. Nf3 e6 5. d4 cxd4 6. cxd4 d6 7. Bc4 Nc6 8. O-O
Be7 9. Qe2 O-O 10. Qe4 Qa5 11. Nbd2 Bd7 12. a3 Rfd8 13. b4 Qc7 14. Bb2 b5 15.
Bd3 g6 16. exd6 Qxd6 17. Bxb5 a5 18. bxa5 Nxa5 19. Bxd7 Rxd7 20. a4 Qf4 21. Ba3
Qxe4 22. Nxe4 Nb3 23. Rab1 Nxd4 24. Ne5 Rda7 25. Bxe7 Nxe7 26. Nc5 Ne2+ 27. Kh1
Nc3 28. Rbc1 Nxa4 29. Ne4 Nb6 30. f4 Nbd5 31. g3 Nf5 32. Rf2 Ra4 33. Nc5 Ra2
34. Rxa2 Rxa2 35. Rb1 Nd6 36. Kg1 Rc2 37. Ned3 Ne3 38. Nf2 h5 39. Re1 Ndf5 40.
Ra1 h4 41. Re1 Nd5 42. Nce4 Nd4 43. Ra1 Ne2+ 44. Kf1 Nd4 45. Ra8+ Kg7 46. Ra7
hxg3 47. hxg3 Rc7 48. Rxc7 Nxc7 49. Nd6 f6 50. Nd3 Nd5 51. Kf2 Kf8 52. g4 Ke7
53. Ne4 Nc6 54. Kg3 Ncb4 55. Ndc5 Na2 56. Nxe6 Kxe6 57. f5+ gxf5 58. gxf5+ Ke5
59. Nxf6 Nxf6 60. Kf3 Nb4 61. Ke3 Kd5 62. Kf4 Kd4 63. Kg5 Ke5 64. Kg6 Nbd5 65.
Kg7 Kd6 66. Kg6 Ke7 67. Kg5 Kf7 68. Kh4 Kg7 69. Kg5 Kh7 0-1

[Event "VIII Torneo Leonardo di Bona A"]
[Site "Cutro ITA"]
[Date "2002.05.01"]
[Round "9"]
[White "Korneev, Oleg"]
[Black "Chatalbashev, Boris"]
[Result "1/2-1/2"]
[WhiteElo "2599"]
[BlackElo "2537"]
[PlyCount "23"]
[EventDate "2002.04.24"]

1. e4 g6 2. d4 Bg7 3. Nc3 d6 4. f4 Nf6 5. Nf3 c5 6. Bb5+ Bd7 7. e5 Ng4 8. e6
fxe6 9. Ng5 Bxb5 10. Nxe6 Bxd4 11. Nxd8 Bf2+ 12. Kd2 1/2-1/2

[Event "VIII Torneo Leonardo di Bona A"]
[Site "Cutro ITA"]
[Date "2002.05.01"]
[Round "9"]
[White "Scerbo, Antonio"]
[Black "Van Hoolandt, Patrick"]
[Result "1-0"]
[WhiteElo "2091"]
[BlackElo "2157"]
[PlyCount "67"]
[EventDate "2002.04.24"]

1. d4 Nf6 2. c4 e6 3. Nf3 Bb4+ 4. Bd2 Qe7 5. a3 Bxd2+ 6. Nbxd2 d6 7. g3 e5 8.
dxe5 dxe5 9. e3 O-O 10. Bg2 Rd8 11. Qc2 a5 12. O-O Na6 13. Ne4 Nc5 14. Nxc5
Qxc5 15. Ng5 c6 16. b4 Qe7 17. c5 Bg4 18. Ne4 Nd5 19. Nd6 b6 20. Qe4 Qe6 21.
Nc4 bxc5 22. Nxa5 cxb4 23. axb4 Be2 24. Rfc1 Bb5 25. Rc5 f5 26. Qb1 e4 27. Qb3
Kf7 28. Rac1 Rab8 29. Bf1 Bxf1 30. Kxf1 Rd6 31. b5 Ra8 32. Nxc6 Ra2 33. Nd4
Nxe3+ 34. Qxe3 1-0

[Event "VIII Torneo Leonardo di Bona A"]
[Site "Cutro ITA"]
[Date "2002.05.01"]
[Round "9"]
[White "Skembris, Spyridon"]
[Black "Ivanov, Jordan"]
[Result "1/2-1/2"]
[WhiteElo "2429"]
[BlackElo "2411"]
[PlyCount "71"]
[EventDate "2002.04.24"]

1. d4 d5 2. c4 dxc4 3. Nf3 e6 4. e3 Nf6 5. Bxc4 c5 6. O-O Nc6 7. Nc3 cxd4 8.
exd4 Be7 9. h3 O-O 10. Be3 Na5 11. Bd3 b6 12. Qe2 Bb7 13. Ne5 Nd5 14. Rac1 Rc8
15. Ba6 Nxc3 16. bxc3 Bxa6 17. Qxa6 Rc7 18. c4 Qc8 19. Qxc8 Rfxc8 20. c5 bxc5
21. dxc5 Bxc5 22. Rfd1 Be7 23. Rb1 f6 24. Rb5 Nb7 25. Nc6 Rxc6 26. Rxb7 R8c7
27. Rd7 Rxd7 28. Rxd7 Bc5 29. Bxc5 Rxc5 30. Rxa7 h5 31. g3 e5 32. a4 e4 33. a5
Rc1+ 34. Kg2 Ra1 35. g4 h4 36. a6 1/2-1/2

[Event "IX Memorial Alfeo Gigli A"]
[Site "Bologna ITA"]
[Date "2002.03.??"]
[Round "5"]
[White "Del Giudice, Stefano"]
[Black "Rebeggiani, Luca"]
[Result "1-0"]
[WhiteElo "2072"]
[BlackElo "1717"]
[PlyCount "45"]
[EventDate "2002.03.02"]

1. e4 c5 2. Nc3 Nc6 3. g3 g6 4. Bg2 Bg7 5. d3 e6 6. Be3 b6 7. Qd2 Ba6 8. Nge2
Nge7 9. Bh6 O-O 10. h4 f5 11. Bxg7 Kxg7 12. h5 Ng8 13. hxg6 hxg6 14. O-O-O fxe4
15. Nxe4 d5 16. Ng5 Rf6 17. Nf4 Qd6 18. Rh7+ Kf8 19. Rh8 Nce7 20. Nh7+ Kg7 21.
Nxf6 Kxh8 22. Nxg8 Rxg8 23. Nxe6 1-0

[Event "VIII Weekend A"]
[Site "Ivrea ITA"]
[Date "2002.03.16"]
[Round "1"]
[White "D'Ingiullo, Roberto"]
[Black "Paonessa, Denis"]
[Result "1-0"]
[WhiteElo "1900"]
[BlackElo "1726"]
[PlyCount "41"]
[EventDate "2002.03.16"]

1. e4 e5 2. Nc3 Nf6 3. f4 d5 4. fxe5 Nxe4 5. Nf3 Nxc3 6. bxc3 Bg4 7. d4 Be7 8.
Bd3 Bh4+ 9. g3 Be7 10. O-O O-O 11. Qe1 Qd7 12. Ng5 Bxg5 13. Bxg5 Qe6 14. Qe3 h6
15. Rf6 hxg5 16. Rxe6 Bxe6 17. Qxg5 c6 18. Qh5 Re8 19. Rf1 Nd7 20. Bh7+ Kf8 21.
Bg6 1-0

[Event "VIII Weekend A"]
[Site "Ivrea ITA"]
[Date "2002.03.16"]
[Round "1"]
[White "Ranieri, Fabrizio"]
[Black "Caprioglio, Tiziano"]
[Result "1-0"]
[WhiteElo "2169"]
[BlackElo "1776"]
[PlyCount "105"]
[EventDate "2002.03.16"]

1. e4 c5 2. Nf3 e6 3. d4 cxd4 4. Nxd4 a6 5. Nc3 Nc6 6. Be3 Qc7 7. Be2 Nf6 8.
O-O Be7 9. f4 d6 10. Qe1 O-O 11. Qg3 Kh8 12. Rad1 Bd7 13. Kh1 b5 14. a3 b4 15.
axb4 Nxb4 16. Rd2 Rfb8 17. Bf3 Nc6 18. e5 Ne8 19. f5 dxe5 20. Nxc6 Bxc6 21.
fxe6 fxe6 22. Bxc6 Qxc6 23. Rf7 Rb7 24. Bh6 gxh6 25. Rdf2 Bg5 26. Qxe5+ Bf6 27.
R2xf6 Rxf7 28. Rxf7+ Kg8 29. Rf3 Ng7 30. Rg3 Qd7 31. h3 Rf8 32. Ne4 Qf7 33. Nc5
Re8 34. c4 a5 35. Nd3 a4 36. Nc5 Re7 37. Nxa4 Qf1+ 38. Kh2 Qxc4 39. Nc5 Qd5 40.
Qb8+ Kf7 41. Qh8 Qe5 42. Qxh7 h5 43. Ne4 Ke8 44. Kh1 Rf7 45. h4 Nf5 46. Qg8+
Ke7 47. Qg5+ Ke8 48. Rd3 Qc7 49. Nc5 Ng7 50. Rg3 Rf1+ 51. Kh2 Nf5 52. Qxh5+ Kd8
53. Nxe6+ 1-0

[Event "VIII Weekend A"]
[Site "Ivrea ITA"]
[Date "2002.03.17"]
[Round "2"]
[White "Pepino, Enrico"]
[Black "Ranieri, Fabrizio"]
[Result "0-1"]
[WhiteElo "2080"]
[BlackElo "2169"]
[PlyCount "44"]
[EventDate "2002.03.16"]

1. e4 e6 2. d4 d5 3. Nc3 Nf6 4. e5 Nfd7 5. f4 c5 6. Nf3 Nc6 7. Be3 cxd4 8. Nxd4
Qb6 9. Qd2 Qxb2 10. Rb1 Qa3 11. Ncb5 Qxa2 12. Nxc6 Qxb1+ 13. Kf2 bxc6 14. Nc7+
Kd8 15. Nxa8 Bb4 16. c3 Bc5 17. c4 Bb4 18. Bd3 Bxd2 19. Rxb1 Bxe3+ 20. Kxe3 Nc5
21. cxd5 exd5 22. Ra1 d4+ 0-1

[Event "VIII Weekend A"]
[Site "Ivrea ITA"]
[Date "2002.03.17"]
[Round "3"]
[White "Ranieri, Fabrizio"]
[Black "Guglielmi, Nicolo'"]
[Result "1-0"]
[WhiteElo "2169"]
[BlackElo "1683"]
[PlyCount "87"]
[EventDate "2002.03.16"]

1. e4 c5 2. Nf3 e6 3. d4 cxd4 4. Nxd4 Nf6 5. Nc3 Nc6 6. Be3 Bb4 7. f3 d5 8. Bb5
Bd7 9. O-O O-O 10. exd5 Nxd5 11. Nxd5 exd5 12. c3 Be7 13. Ba4 Bf6 14. Bb3 Be6
15. f4 Na5 16. f5 Nxb3 17. axb3 Bd7 18. Qf3 Bc6 19. Nxc6 bxc6 20. Bxa7 Qd6 21.
b4 Rfe8 22. Bc5 Qd7 23. Qd3 Qb7 24. Bd4 Bxd4+ 25. Qxd4 Re4 26. Qc5 Rae8 27. f6
Qd7 28. Qf2 Qe6 29. fxg7 Kxg7 30. Ra7 Re7 31. Qg3+ Qg6 32. Rxe7 Rxe7 33. Qxg6+
hxg6 34. Kf2 f5 35. Re1 Re4 36. Rxe4 dxe4 37. h4 Kf6 38. Ke3 Ke5 39. g3 Kd5 40.
b3 Ke5 41. c4 Kd6 42. Kf4 Ke6 43. g4 Kd6 44. gxf5 1-0

[Event "VIII Weekend A"]
[Site "Ivrea ITA"]
[Date "2002.03.23"]
[Round "4"]
[White "Catana, Costel"]
[Black "Ranieri, Fabrizio"]
[Result "0-1"]
[WhiteElo "1828"]
[BlackElo "2169"]
[PlyCount "58"]
[EventDate "2002.03.16"]

1. e4 e6 2. d4 d5 3. Nd2 Nf6 4. Bd3 c5 5. e5 Nfd7 6. c3 Nc6 7. Ne2 cxd4 8. cxd4
f6 9. exf6 Nxf6 10. O-O Bd6 11. Nf3 O-O 12. a3 Bd7 13. Bg5 Kh8 14. Qb1 Qe8 15.
Ng3 Bxg3 16. hxg3 Qh5 17. Bxf6 Rxf6 18. Qd1 Rh6 19. Nh4 Nxd4 20. Rc1 Bc6 21.
Re1 e5 22. Qd2 Nb3 23. Qc3 Nxc1 24. Qxc1 Rf8 25. Qc5 Rhf6 26. Bf1 b6 27. Qe7 e4
28. Rc1 Qe8 29. Nf5 Rxf5 0-1

[Event "VIII Weekend A"]
[Site "Ivrea ITA"]
[Date "2002.03.23"]
[Round "5"]
[White "Ranieri, Fabrizio"]
[Black "D'Ingiullo, Roberto"]
[Result "1-0"]
[WhiteElo "2169"]
[BlackElo "1900"]
[PlyCount "47"]
[EventDate "2002.03.16"]

1. e4 c5 2. Nf3 a6 3. d4 cxd4 4. Nxd4 Nf6 5. Nc3 e5 6. Nf3 Bb4 7. Bc4 Qc7 8.
Qd3 b5 9. Bb3 Bxc3+ 10. bxc3 Bb7 11. Ba3 Nxe4 12. O-O Qxc3 13. Rae1 d6 14. Rxe4
Qxd3 15. cxd3 Bxe4 16. dxe4 O-O 17. Bd5 Ra7 18. Bxd6 Rd8 19. Bc5 Rad7 20. Nxe5
Rxd5 21. exd5 Rxd5 22. Ba7 Rxe5 23. Bxb8 Re2 24. a3 1-0

[Event "VIII Weekend A"]
[Site "Ivrea ITA"]
[Date "2002.03.24"]
[Round "6"]
[White "D'Ingiullo, Roberto"]
[Black "Caprioglio, Tiziano"]
[Result "1-0"]
[WhiteElo "1900"]
[BlackElo "1776"]
[PlyCount "55"]
[EventDate "2002.03.16"]

1. e4 c5 2. Nf3 e6 3. c3 Nc6 4. d4 cxd4 5. cxd4 Bb4+ 6. Nc3 Nf6 7. Bd3 O-O 8.
O-O Qa5 9. Bd2 Qh5 10. e5 Ng4 11. h3 Nh6 12. Ne4 f5 13. exf6 Bxd2 14. Qxd2 Qa5
15. fxg7 Kxg7 16. Qxa5 Nxa5 17. Nd6 Nf5 18. Bxf5 exf5 19. Rfe1 Kf6 20. Re5 Nc6
21. Rxf5+ Kg7 22. Rxf8 Kxf8 23. Re1 Ne7 24. Ne5 b6 25. Re3 a5 26. Rf3+ Kg8 27.
Rf7 Nc6 28. Ng4 1-0

[Event "VIII Weekend A"]
[Site "Ivrea ITA"]
[Date "2002.03.24"]
[Round "6"]
[White "Lucchese, Paolo"]
[Black "Ranieri, Fabrizio"]
[Result "0-1"]
[WhiteElo "1896"]
[BlackElo "2169"]
[PlyCount "37"]
[EventDate "2002.03.16"]

1. e4 e6 2. d4 d5 3. Nc3 Nf6 4. Bg5 Bb4 5. e5 h6 6. Bd2 Bxc3 7. bxc3 Ne4 8. Bd3
Nxd2 9. Qxd2 c5 10. Bb5+ Bd7 11. Bxd7+ Qxd7 12. Nh3 Qb5 13. Nf4 Nc6 14. a4 Qc4
15. Ne2 O-O 16. O-O Rfc8 17. Rfb1 b6 18. Rb5 Na5 19. Qf4 0-1

[Event "Weekend A"]
[Site "Monza ITA"]
[Date "2002.03.16"]
[Round "1"]
[White "Cammarota, Vittorio"]
[Black "Poletto, Daniele"]
[Result "1/2-1/2"]
[WhiteElo "1711"]
[BlackElo "1969"]
[PlyCount "51"]
[EventDate "2002.03.16"]

1. d4 Nf6 2. Nf3 g6 3. Bf4 Bg7 4. e3 d6 5. Be2 O-O 6. O-O Nh5 7. Bg5 Nf6 8. Bf4
Nbd7 9. c4 Re8 10. Nc3 b6 11. h3 Bb7 12. Bh2 a6 13. b4 e5 14. Rc1 exd4 15. Nxd4
Rc8 16. Bf3 Bxf3 17. Qxf3 Nb8 18. Rfd1 Qe7 19. Bg3 Nh5 20. Bh2 Nf6 21. a4 Nfd7
22. b5 a5 23. Bg3 Nc5 24. Nc6 Nxc6 25. Qxc6 Qd7 26. Qxd7 1/2-1/2

[Event "Weekend A"]
[Site "Monza ITA"]
[Date "2002.03.16"]
[Round "1"]
[White "Miatello, Alberto"]
[Black "Pace, Pietro Dario"]
[Result "1-0"]
[WhiteElo "1797"]
[BlackElo "2116"]
[PlyCount "121"]
[EventDate "2002.03.16"]

1. e4 d6 2. d4 Nf6 3. Nc3 g6 4. g3 Bg7 5. Bg2 O-O 6. Nge2 Nbd7 7. h3 c6 8. a4
e5 9. Be3 Re8 10. O-O a5 11. g4 exd4 12. Bxd4 Ne5 13. Ng3 c5 14. Bxe5 dxe5 15.
Qf3 Re6 16. Rfd1 Qb6 17. g5 Ne8 18. Nd5 Qc6 19. h4 b5 20. Bh3 b4 21. Bxe6 Qxe6
22. c3 Kf8 23. cxb4 cxb4 24. Rdc1 Rb8 25. Nc7 Qh3 26. Nxe8 Kxe8 27. Rc7 Be6 28.
Rac1 Qxh4 29. R1c6 Qh3 30. Ra6 Rd8 31. Raa7 Rd7 32. Rxd7 Bxd7 33. Rxa5 Qe6 34.
Qe3 Qc6 35. b3 Qd6 36. Rd5 Qc7 37. Nf1 Bf8 38. Qg3 Bg7 39. Rd3 h5 40. Ne3 Be6
41. Nd5 Qc1+ 42. Kh2 Qc5 43. Qf3 Bc8 44. Nf6+ Ke7 45. Ng8+ Ke8 46. Rd5 Qc7 47.
Rb5 Ba6 48. Rxb4 Qd6 49. Qc3 Kf8 50. Nf6 Bxf6 51. gxf6 Qxf6 52. Qg3 h4 53. Qe3
Bf1 54. Kg1 Be2 55. Rb6 Qf4 56. Qxf4 exf4 57. a5 g5 58. a6 g4 59. a7 g3 60.
a8=Q+ Kg7 61. Qa1+ 1-0

[Event "Weekend A"]
[Site "Monza ITA"]
[Date "2002.03.16"]
[Round "1"]
[White "Tortora, Franco"]
[Black "Gandolfi, Gianfranco"]
[Result "1-0"]
[WhiteElo "2002"]
[BlackElo "1740"]
[PlyCount "85"]
[EventDate "2002.03.16"]

1. d4 Nf6 2. c4 g6 3. Nc3 Bg7 4. e4 d6 5. Nge2 O-O 6. Ng3 c5 7. d5 Na6 8. Be2
e6 9. Bg5 h6 10. Bf4 exd5 11. exd5 Nc7 12. O-O a6 13. a4 b6 14. h3 Rb8 15. Rb1
Nce8 16. Qd2 Kh7 17. b4 Bd7 18. bxc5 bxc5 19. Rxb8 Qxb8 20. Rb1 Qc7 21. Bd1 Ng8
22. Be3 f5 23. f4 Nef6 24. Bc2 Re8 25. Nd1 Ne7 26. Qc1 Rb8 27. Bd2 Nc8 28. a5
Rxb1 29. Qxb1 Be8 30. Bc3 Ng8 31. Qa1 Bxc3 32. Qxc3 Qe7 33. Qe3 Qxe3+ 34. Nxe3
Nf6 35. Nexf5 gxf5 36. Bxf5+ Bg6 37. Bxc8 Bd3 38. Bxa6 Nxd5 39. Bb5 Nc7 40. Bc6
Bxc4 41. Ne4 Bd5 42. Nf6+ Kg6 43. Nxd5 1-0